000 00465nam a2200121Ia 4500
008 220620s9999||||xx |||||||||||||| ||und||
100 _aJames Langlands, Alexander||Lavelle, Ryan
245 4 _aThe Land of the English Kin
_bStudies in Wessex and Anglo-Saxon England in Honour of Professor Barbara Yorke
546 _aEnglish[eng]
650 _aHumanities||History
856 _uhttps://library.oapen.org/bitstream/20.500.12657/53800/1/9789004421899.pdf
942 _cEB
999 _c21761
_d21761